Sběh : román z války /

Hlavní autor: Kautmanová, Slávka, 1902-1982
Jazyk: Čeština
Vydáno: České Budějovice : nákladem vlastním, 1928
Témata:
Fyzický popis: 222 stran ; 17 cm
Knihy
Uloženo v:
LEADER 01236nam a2200361 i 4500
001 001794982
003 CZ BrMZK
005 20210930082027.0
007 ta
008 210708s1928 xr g 000 f cze
020 |q (Vázáno) 
040 |a BOA001  |b cze  |e rda 
045 |a x1x1 
072 7 |a 821.162.3-3  |x Česká próza  |2 Konspekt  |9 25 
080 |a 821.162.3-31  |2 MRF 
080 |a 94(100)"1914/1918"  |2 MRF 
080 |a (0:82-311.6)  |2 MRF 
100 1 |a Kautmanová, Slávka,  |d 1902-1982  |7 jk01053269  |4 aut  |4 pbl 
245 1 0 |a Sběh :  |b román z války /  |c Slávka Kautmanová-Skálová 
264 1 |a České Budějovice :  |b nákladem vlastním,  |c 1928 
300 |a 222 stran ;  |c 17 cm 
336 |a text  |b txt  |2 rdacontent 
337 |a bez média  |b n  |2 rdamedia 
338 |a svazek  |b nc  |2 rdacarrier 
500 |a Románová příloha časopisu Kubatův Kraj 
648 7 |a 1914-1918  |7 ch460644 
650 0 7 |a první světová válka (1914-1918)  |7 ph126327  |2 czenas 
655 7 |a české romány  |7 fd133974  |2 czenas 
655 7 |a válečné romány  |7 fd133831  |2 czenas 
910 |a BOA001  |b 1-1466.752 
990 |a BK 
991 |b 202109 
996 6 |b 2610872440  |c 1-1466.752  |l MZK  |r Sklad / do 1 hodiny  |n 0  |p dar  |w 001858200  |u 000010  |a 1  |e BOA001  |j MZK50  |s P